000 00901nam a22002897a 4500
001 BR8501391
003 BR-BrBNA
005 20230928092112.0
007 ta
008 230509b bl.||||| |||| 00| 0 por d
040 _aBR-BrBNA
_bpor
_cBiblioteca Nacional de Agricultura
041 _a(Por)
072 _aE30; E70
_b/G514
090 _ E30 BR8501391
100 1 _aBarbosa, H. de S.
100 1 _aOliveira Filho, L.P. de
110 1 _aSecretaria Nacional de Defesa Agropecuaria, Brasilia, DF (Brasil). Secretaria de Fiscalizacao Agropecuaria
_99198
245 1 _aProjeto de desenvolvimento da atividade de fiscalizacao agropecuaria [Brasil]
260 3 _aBrasilia, DF (Brasil):
_c1985.
300 _a65 p.
500 _a50 tables
650 _aPROJETO DE DESENVOLVIMENTO
650 _aINSPECAO SANITARIA
650 _aDIRETRIZ
909 _a202309
_bLucia
_c55
_dLucia Elande
942 _cBK
999 _c37145
_d37145